000 00311nam a2200133Ia 4500
005 20251222144727.0
008 251222s9999||||xx |||||||||||||| ||spa||
020 _a968-444-442-7
082 _a338.5/P26
100 _aParkin, Michael
245 0 _aMicroeconomía
264 _bPearson Educación
942 _cLIB
999 _c18420
_d18420